000 00438nam a2200181Ia 4500
001 3835
005 20260306145712.0
008 260306t2018||||xx |||||||||||||| ||spa||
041 _aESP
082 _a303.6098
_bH77
100 _aHobsbawm, Eric
_eAUT
245 0 _a¡Viva la revolución!:
_bsobre América Latina
260 _c2018
300 _a523 páginas :
_c24 cm.
650 _aGEN
654 _aCHU
942 _cLIB
_dJUS
_fJUS
_2ddc
_n
999 _c3835
_d3835